00455 2200157 4500001002100000008004100021035002000062245007100082100001100153260004300164300002700207020002200234084001800256082001100274990001200285INLIS000000000001418 Ind  a0010-0924000015 aEnsiklopedia Pahlawan; Zaman Pergerakan dan Kemerdekaan RIcIis P. aP, Iis aJakartabPT. Lista Fariska Putrac2014 a114 hlm.c17,5 x 25 cm a978-602-9232-38-7 a920.003 IIS e a920003 a0750919